000 00634cam a2200205 4500500
005 20260405002256.0
041 _afre
042 _adc
100 1 0 _aNathan, Tobie
_eauthor
245 0 0 _aLe commencement de l’infini. Les explications transforment le monde
260 _c2016.
500 _a55
690 _aDavid Deutsch
690 _aintelligence
690 _aMécanique
690 _aRévolution
690 _aScience
786 0 _nPhilosophie magazine | 102 | 9 | 2016-09-01 | p. 61-61 | 1951-1787
856 4 1 _uhttps://shs.cairn.info/magazine-philosophie-magazine-2016-9-page-61?lang=fr&redirect-ssocas=7080
999 _c2056148
_d2056148